Bosquejo gramatical del idioma tectiteco

محفوظ في:
التفاصيل البيبلوغرافية
المؤلف الرئيسي: Stevenson, Paul
التنسيق: كتاب
اللغة:Undetermined
منشور في: Guatemala Instituto Lingüístico de Verano 1987
الموضوعات:
الوسوم: إضافة وسم
لا توجد وسوم, كن أول من يضع وسما على هذه التسجيلة!

MARC

LEADER 00000nam a2200000Ia 4500
008 170316s9999 xx 000 0 und d
090 |a 415-In S-1b 
100 |a Stevenson, Paul 
245 |a Bosquejo gramatical del idioma tectiteco 
260 |a Guatemala 
260 |b Instituto Lingüístico de Verano 
260 |c 1987 
300 |a 163 páginas 
650 |a GRAMÁTICA INDÍGENA 
999 |c 19583  |d 19583 
040 |a cru BVZT 
942 |c 15 D  |h 415-In S-1b  |2 z